000
00377nam a22001577a 4500
003
MPLRDC
005
20220104124751.0
008
210129b ||||| |||| 00| 0 eng d
082
_a
857.9 JY-10 v.4
100
_a
金庸著
245
_a
射雕英雄前传. 四
_c
260
_a
_b
武侠出版社
_c
300
_b
平
650
_a
武侠小说
942
_c
BK
_o
857.9 JY-10 v.4
999
_c
21996
_d
21986